00801 2200181 4500245003500000020002200035250001100057100001200068700001000080650001700090005001900107260003100126041001400157084001100171300002700182500040100209336000900610 aLaut Biru KlaracAuni FahText a978-602-9251-77-7 aCet. 1 aAuni Fa aSinta aNovel Remaja a20240115105027 aSolobTiga Serangkaic2019 aIndonesia a808.83 avi, 330 hlm. :c20 cm. aSea. Namanya sesuai denga tempat ia dilahirkan, pemukiman di tepi pantai. Seorang anak perempuan iseng, gemar meniup seruling, dan sangat tak suka masuk ke hutan. Klara. Bocah autis, ceroboh, sangat tidak suka ganti pakaian, tapi ia perenang andal. masa kanak-kanak yang tak terbayangkan hadir di kehidupan mereka. Hingga usia bertambah, waktu bergulir cepat. Akankah impian mereka menjadi nyata? atext